000 00528nam a2200169Ia 4500
999 _c21648
_d21648
003 OSt
005 20200609154944.0
008 190216s9999||||xx |||||||||||||| ||und||
020 _a9780521089401
040 _coclc
082 _a382.0954918
_bMAR/G
100 _aMarkovits, Claude
_92519
245 4 _aThe Global World Of Indian Merchants 1750-1947 /
_cClaude Markovits
260 _bCambridge Uty Press,
_c2000.
_aLondon:
300 _a326p
942 _cBK
_2ddc
_h382.0954918
_iMAR/G
_k382.0954918
_mMAR/G